| 000 | 03400cam a22003978i 4500 | ||
|---|---|---|---|
| 001 | 22491289 | ||
| 003 | NUST | ||
| 005 | 20230223115207.0 | ||
| 008 | 220401s2022 enk b 001 0 eng | ||
| 010 | _a 2022002531 | ||
| 020 |
_a9781032169057 _q(hardback) |
||
| 020 |
_a9781032169071 _q(paperback) |
||
| 020 |
_z9781003250920 _q(ebook) |
||
| 040 |
_aLBSOR/DLC _beng _erda _cDLC |
||
| 042 | _apcc | ||
| 043 | _aa-pk--- | ||
| 050 | 0 | 0 |
_aDS383.5.A2 _bP375 2022 |
| 082 | 0 | 0 |
_a327.5491 _223/eng/20220405 _bPAK 2022 |
| 245 | 0 | 0 |
_aPakistan's foreign policy : _bcontemporary developments and dynamics / _cGhulam Ali, [editor]. |
| 263 | _a2206 | ||
| 264 | 1 |
_aLondon ; _aNew York, NY : _bRoutledge, Taylor & Francis Group, _c2022. |
|
| 300 | _apages cm. | ||
| 336 |
_atext _btxt _2rdacontent |
||
| 337 |
_aunmediated _bn _2rdamedia |
||
| 338 |
_avolume _bnc _2rdacarrier |
||
| 490 | 0 | _aRoutledge Studies in South Asian Politics | |
| 504 | _aIncludes bibliographical references and index. | ||
| 505 | 0 | _aForeign policy of contemporary Pakistan : an overview / Ghulam Ali -- The changing framework of Pakistan's foreign policy under Imran Khan / Syed Ali Zia Jaffery -- Is Pakistan a middle power? / Samee Lashari -- The military and foreign policy in Pakistan : an analysis / Ejaz Hussain -- China-PAkistan : a decade of transformation in diplomacy, 2010-2020 / Gul-i-Hina Shahzad and Rabbiya Kamal -- Afghanistan-Pakistan relations : from uncertainty and confrontation to optimism / Muhammad Azam -- Indian factor in Pakistan's policy towards Afghanistan / Shahzad Akhtar and Arshad Ali -- Geopolitics, the thucydides trap and the China-Pakistan-India trilateral / Rizwan Zeb -- The new conservative parliament in iran and future of Pakistan-Iran relations / Khurram Abbas -- Pakistan-U.S. Relations : is past the prologue? / Rabia Akhtar -- The contours of Pakistan's relations with Russia / Adeela Ahmed -- European Union-Pakistan relations : a critique of strategic engagement plan / Najimdeen Bakare. | |
| 520 |
_a"This book analyses Pakistan's foreign policy and external relations with a focus on contemporary developments, including the impact of the new government of Prime Minister Imran Khan, the powerful military and the 'middle power' status. Structured in two parts - Foundation and Operationalization - the book provides a broad overview of Pakistan's foreign policy and addresses specific foreign policy choices. Contributors explore issues such as Pakistan's middle power status from a theoretical perspective, Imran Khan's foreign policy, Pakistan's relations with SCO, EU and Pakistan's evolving Indian Ocean strategy. Based on in-depth interviews with Pakistani scholars, politicians and diplomats, the book offers a timely perspective on Pakistan's foreign policy. The book will be of interest to academics working on Pakistan, South Asian Politics, Indian Ocean Studies, Security and Conflict Studies, International Relations and Foreign Policy and Asian Studies"-- _cProvided by publisher. |
||
| 651 | 0 |
_aPakistan _xForeign relations _y1971- _9109512 |
|
| 700 | 1 |
_aAli, Ghulam _c(Professor), _eeditor. _999179 |
|
| 776 | 0 | 8 |
_iOnline version: _tPakistan's foreign policy _dLondon ; New York, NY : Routledge, Taylor & Francis Group, 2022 _z9781003250920 _w(DLC) 2022002532 |
| 906 |
_a7 _bcbc _corignew _d1 _eecip _f20 _gy-gencatlg |
||
| 942 |
_2ddc _cBK |
||
| 999 |
_c593423 _d593423 |
||